000 00553nam a2200181Ia 4500
003 GCL
008 140319s9999 xx 000 0 ara d
040 _aGCL /
_cGCL
082 0 4 _a812.008
_bن ب
100 1 _aثروت عكاشة
245 1 0 _aبلاء بزه /
_cثروت عكاشة
700 1 _aنعمان عاشور
490 _aمن الادب العربى الحديث
_v0
650 0 4 _aالمسرحيات العربية
650 0 4 _aالمسرح العربى -العصر الحديث
650 0 4 _aالمسرح - مصر
942 _2ddc
_cBK
999 _c46744
_d46744